<?xml version="1.0" encoding="UTF-8"?>
<marc:record xmlns:marc="http://www.loc.gov/MARC21/slim">
   <marc:leader>00000nam a2200000 a 4500</marc:leader>
   <marc:datafield ind1="1" ind2=" " tag="100">
      <marc:subfield code="a">Nichols, Mike</marc:subfield>
   </marc:datafield>
   <marc:datafield ind1="0" ind2="0" tag="245">
      <marc:subfield code="a">The birdcage</marc:subfield>
   </marc:datafield>
   <marc:datafield ind1="0" ind2="0" tag="245">
      <marc:subfield code="b">Ein Paradies für schrille Vögel</marc:subfield>
   </marc:datafield>
   <marc:datafield ind1=" " ind2="1" tag="264">
      <marc:subfield code="c">2004</marc:subfield>
   </marc:datafield>
   <marc:datafield ind1="1" ind2=" " tag="520">
      <marc:subfield code="a">Val Goldman will Barbara Keeley, die Tochter des konservativen Senators Kevin Keeley, heiraten. Der Senator steht derzeit unter Druck, da der Anführer der Gruppe der Politiker, der er sich angeschlossen hat, in einen Sexskandal verwickelt wurde. So wird das Haus von der Presse belagert. Durch den Druck der Presse und das Zureden seiner Frau beginnt er die Hochzeit zu befürworten, da sie die traditionellen Werte symbolisieren und gut für das Image sein könnte. Die Keeleys schleichen sich an der Presse vorbei und machen sich auf den Weg nach Miami Beach.</marc:subfield>
   </marc:datafield>
   <marc:datafield ind1="0" ind2=" " tag="490">
      <marc:subfield code="v">0</marc:subfield>
   </marc:datafield>
   <marc:datafield ind1=" " ind2=" " tag="300">
      <marc:subfield code="a">119 min</marc:subfield>
   </marc:datafield>
</marc:record>
